Topology on Spaces of Holomorphic Mappings

Αποθηκεύτηκε σε:
Λεπτομέρειες βιβλιογραφικής εγγραφής
Κύριος συγγραφέας: Nachbin, Leopoldo
Μορφή: Βιβλίο
Γλώσσα:English
Δημοσίευση: Berlin : Springer-Verlag, 1969
Σειρά:Ergebnisse der Mathematik und ihrer Grenzgebiete ; ; 47
Θέματα:
Ετικέτες: Προσθήκη ετικέτας
Δεν υπάρχουν, Καταχωρήστε ετικέτα πρώτοι!

MARC

LEADER 00000nam a2200000 i 4500
001 1/36230
008 941103s1969 eng d
035 |a 1995  |l 10040184 
040 |a GR-MY-UA  |b gre  |e aacr 
041 0 |a eng 
082 0 |a 515.9 
100 1 |a Nachbin, Leopoldo. 
245 1 0 |a Topology on Spaces of Holomorphic Mappings /  |c Leopoldo Nachbin 
260 |a Berlin :   |b Springer-Verlag,   |c 1969 
300 |a 66 p.;  |c 24 cm. 
490 1 |a Ergebnisse der Mathematik und ihrer Grenzgebiete  |v ; 47 
500 |a Includes bibliographical references and index 
650 0 0 |a Holomorphic mappings. 
830 0 |a Ergebnisse der Mathematik und ihrer Grenzgebiete ;  |v ; 47 
852 |a INST  |b SAMOS  |e 19941103  |h 515.9 NAC  |p 005300001273  |q 005300001273  |t BK  |y 0 
852 |a INST  |b SAMOS  |e 19960605  |h 515.9 NAC  |p 005300005280  |q 005300005280  |t BK  |y 0 
909 |a Σ  |b 039176 
909 |a Σ  |b 007791